000 00269nam a22001217a 4500
008 180924b xxu||||| |||| 00| 0 eng d
041 _aeng
080 _26 ed
_a311
100 _a55
101 _aSTA
245 _aStatistical Msethods
_cCochram.W.G
942 _2udc
_cBK
999 _c48351
_d48351